000
00443nam a2200145Ia 4500
008
100204s9999 xx 000 0 und d
082
_b
26073
100
_a
सप्रे मधुवंती
245
_a
लोकलकांड
260
_b
"श्रीकल्प प्रकाशन, मुंबई"
_c
2003
300
_a
213
630
_a
लोकलकांड
730
_a
लोकलकांड
942
_c
BOOK
999
_c
471253
_d
471250